000 00449nam a22001817a 4500
003 LK-CoDNM
005 20250116103435.0
008 250116b |||||||| |||| 00| 0 eng d
040 _aLK-CoDNM
_dLK-CoDNM
_eLK-CoDNM
041 _aeng
080 _a9
_bE14
100 _aHorner,Donald,W.
245 _aMeteorology For all
260 _aLondon
_bWitherby And Co.
_c1919
300 _axvi, 184p. : ill ; 18 cm
650 _aScience
942 _cBK
999 _c236421
_d236421